Trama productiva urbana y trabajo decente (Registro nro. 3901)

Detalles MARC
000 -LEADER
fixed length control field 01448 a2200325 4500
001 - CONTROL NUMBER
control field 45050
005 - DATE AND TIME OF LATEST TRANSACTION
control field 20260407155725.0
008 - FIXED-LENGTH DATA ELEMENTS--GENERAL INFORMATION
fixed length control field 260407a2011 arg spa d
003 - CONTROL NUMBER IDENTIFIER
control field AR-UNSa-BCEJYS
040 ## - CATALOGING SOURCE
Original cataloging agency AR-UNSa-BCEJYS
Language of cataloging spa
Transcribing agency AR-UNSa-BCEJYS
080 ## - UNIVERSAL DECIMAL CLASSIFICATION NUMBER
Universal Decimal Classification number 677
Common auxiliary subdivision Industria Textil
020 ## - INTERNATIONAL STANDARD BOOK NUMBER
International Standard Book Number 978-92-2-325304-2
041 ## - LANGUAGE CODE
Language code of text/sound track or separate title spa
100 1# - MAIN ENTRY--PERSONAL NAME
Personal name Beccani, Guillermo
245 10 - TITLE STATEMENT
Title Trama productiva urbana y trabajo decente
Name of part/section of a work estrategias para la cadena productiva textil de indumentaria en áreas metropolitanas
264 #1 - PRODUCTION, PUBLICATION, DISTRIBUTION, MANUFACTURE, AND COPYRIGHT NOTICE
Place of production, publication, distribution, manufacture Buenos Aires :
Name of producer, publisher, distributor, manufacturer OIT
Date of production, publication, distribution, manufacture, or copyright notice 2011
300 ## - PHYSICAL DESCRIPTION
Extent 188 p.
Dimensions 28 cm.
505 ## - FORMATTED CONTENTS NOTE
Formatted contents note 1. El análisis de una trama productiva con objetivos estratégicos. Aspectos introductorios – 2. El sector confeccionista textil argentino : su estado actual y su evolución en números – 3. La cadena textil de indumentaria en el nivel local – 4. El empleo en el sector textil de indumentaria – 5. Alternativas estratégicas para incrementar la competitividad de las MyPE textiles.
590 ## - LOCAL NOTE (RLIN)
Local note niveau_biblio:m niveau_hierar:0
700 1# - ADDED ENTRY--PERSONAL NAME
Personal name Andrés Matta, Cecilia Magnano
700 1# - ADDED ENTRY--PERSONAL NAME
Personal name Bentolila, Cecilia
700 1# - ADDED ENTRY--PERSONAL NAME
Personal name Donadi, Luciano
700 1# - ADDED ENTRY--PERSONAL NAME
Personal name Fogliacco, Martín
700 1# - ADDED ENTRY--PERSONAL NAME
Personal name Martinetti, Marcelo
700 1# - ADDED ENTRY--PERSONAL NAME
Personal name Orchansky, Carolina
700 1# - ADDED ENTRY--PERSONAL NAME
Personal name Perín, Hernán
700 1# - ADDED ENTRY--PERSONAL NAME
Personal name Suárez, Gabriel
856 41 - ELECTRONIC LOCATION AND ACCESS
Uniform Resource Identifier <a href="https://www.biblioeco.unsa.edu.ar/pmb/images/libros/L127072.jpg">https://www.biblioeco.unsa.edu.ar/pmb/images/libros/L127072.jpg</a>
Link text Imagen de portada
Electronic format type image/jpeg
942 ## - ADDED ENTRY ELEMENTS (KOHA)
Koha item type
Existencias
Withdrawn status Lost status Damaged status Not for loan Home library Current library Shelving location Date acquired Total checkouts Full call number Barcode Date last seen Price effective from Koha item type
        Biblioteca Prof. Eusebio Cleto del Rey Biblioteca Prof. Eusebio Cleto del Rey   07/04/2026   677 A555 L127072 07/04/2026 07/04/2026 Libro